(Hundred) 100 Fat-Free Recipes / (Record no. 102257)

MARC details
000 -LEADER
fixed length control field 00555nam a22001817a 4500
005 - DATE AND TIME OF LATEST TRANSACTION
control field 20160812125116.0
010 ## - LCCN (DPL NO)
LC control number ENG-115745
020 ## - INTERNATIONAL STANDARD BOOK NUMBER
International Standard Book Number 9789381384282
Terms of availability 120.00
035 ## - SYSTEM CONTROL NUMBER
System control number EN-99277
037 ## - SOURCE OF ACQUISITION
Source of stock number/acquisition DBAD/PUB
082 ## - DEWEY DECIMAL CLASSIFICATION NUMBER
Classification number 641.56384
100 ## - MAIN ENTRY--PERSONAL NAME
Personal name Mathew, Elizabeth Jyothi
245 ## - TITLE STATEMENT
Title (Hundred) 100 Fat-Free Recipes /
Statement of responsibility, etc by Elizabeth Jyothi Mathew
260 ## - PUBLICATION, DISTRIBUTION, ETC. (IMPRINT)
Place of publication, distribution, etc New Delhi
Name of publisher, distributor, etc V & S Publishers
Date of publication, distribution, etc 2013
270 ## - ADDRESS
Address F-2/16 Ansari Road,Daryaganj
City New Delhi
Postal code 110002
300 ## - PHYSICAL DESCRIPTION
Extent 117p.
Dimensions 23cm(pbk)
942 ## - ADDED ENTRY ELEMENTS (KOHA)
Source of classification or shelving scheme Dewey Decimal Classification
Item type English Books
Classification part 641.56384
Call number suffix MAT
Holdings
Withdrawn status Lost status Not for loan Collection code Home library Current library Date acquired Source of acquisition Cost, normal purchase price Full call number Barcode Copy number Cost, replacement price Koha item type
    Not For Loan Non-fiction D.B.Act.Division D.B.Act.Division 12/08/2016 DBAD/PUB 120.00 641.56384 MAT EN-99277 1 120.00 English Books

© Delhi Public Library
Hit Counter
free hit counter